[Event "VISA Nordic GP Final"]
[Site "Gentofte"]
[Date "1999.08.14"]
[Round "7"]
[White "Hillarp Persson, Tiger"]
[Black "Borge, Nikolaj"]
[Result "1-0"]
[WhiteElo "2507"]
[BlackElo "2426"]
[Annotator "Ftacnik,L"]
[PlyCount "81"]
[EventDate "1999.08.05"]
[EventType "tourn"]
[EventRounds "13"]
[EventCountry "DEN"]
[EventCategory "9"]
[SourceTitle "CBM 073"]
[Source "ChessBase"]
[SourceDate "1999.12.01"]
[SourceVersion "1"]
[SourceVersionDate "1999.12.01"]
[SourceQuality "1"]

1. d4 Nf6 2. c4 g6 3. Nc3 d5 4. Bf4 Bg7 5. Nf3 dxc4 6. e3 c5 7. dxc5 Qa5 8.
Bxc4 O-O 9. O-O Qxc5 10. Bb3 Nc6 11. Rc1 Qa5 12. h3 Bf5 13. Qe2 Ne4 14. Nd5 e5
15. Rxc6 bxc6 16. Ne7+ Kh8 17. Nxc6 Qb6 18. Ncxe5 Be6 19. Bxe6 (19. Qc2 Bxb3
20. Qxe4 Be6 (20... Bxa2 $6 21. Nd7 Qxb2 22. Nxf8 Rxf8 23. Be5 $14) 21. Ng5 (
21. b3) 21... Kg8 22. Nc6 Bxa2 23. Bd6 h6 (23... Rfe8 24. Ne7+ Kh8 $15) 24.
Qxg6 fxg6 25. Ne7+ Kh8 26. Nxg6+ Kg8 {1/2-1/2 Gavrikov,V-Kochyev,A/Tallinn/
1987/ (26) 1/2-1/2}) (19. Rc1 Rac8 20. Rxc8 Rxc8 21. Nxf7+ Kg8 22. Nh6+ Bxh6
23. Bxe6+ Qxe6 24. Bxh6 Qxa2 25. Qb5 Qf7 {0-1 Frolik,E-Sauermann,W/OL Wuert
8788/1988/}) (19. Nc4 Qa6 (19... Bxc4 20. Qxc4 Nc5 21. Ne5 Nxb3 22. axb3 (22.
Nd7 Qb7 {0-1 Vasile,C-Modena,G/EU-chT4 corr8896/1988/ (22)}) 22... Qb7 23. Rd1
Rac8 24. Qd5 Qxd5 25. Rxd5 Rc1+ 26. Kh2 Rc2 {1/2-1/2 Pyrich,G-McGowan,P/SCO-ch
corr/1992/ (26)}) 20. Nd4 Bd5 21. Rc1 Rac8 22. Qf1 (22. f3 $5 Nd6 23. Bxd6 Bxc4
24. Rxc4 Qxd6 $11) 22... Rc5 23. Na3 Rxc1 24. Qxc1 Rc8 25. Qd1 Bxb3 26. axb3
Qf6 {0-1 Shliperman,I-Ashley,M/New York/1999/ (34)}) 19... Qxe6 20. Qc2 Nf6 (
20... f5 21. Nc4 (21. Qa4 Rac8 (21... Nc5 22. Qb5 Rac8 23. Nd4 Qe8 24. Ndc6 Nd7
25. Nf3 a6 26. Qxa6 Nc5 27. Qc4 Qxc6 {1/2-1/2 Meins,G-Coenen,N/Groningen/1998/
(41)}) 22. Qxa7 Ra8 23. Qb7 Qxa2 24. Nd4 Ra7 25. Qc6 Ra6 26. Qb7 Ra7 27. Qc6
Ra6 28. Qb7 {1/2-1/2 Meins,G-Holzke,F/GER 1999/BL9899 (28)}) 21... Rac8 22. b3
Nc3 (22... Qe7 23. h4 Rfd8 24. Rd1 Rxd1+ 25. Qxd1 Rd8 26. Qc2 Rd5 27. Ng5 {
1/2-1/2 Dannehr,J-Schimmel,B/FRG-chT qual corr 1991/ (27)}) 23. Be5 Bxe5 24.
Nfxe5 Ne4 25. Qb2 Kg8 26. Rd1 Rfd8 27. Rd4 {1/2-1/2 Sinkovics,P-Vegh,E/Hungary/
1998/ (55)}) 21. Qa4 Nd5 22. Bg3 Kg8 {The first independent move in the line
full of fireworks. White has two pawns for an exchange, but black position is
solid and general endgames are fine for him.} (22... Nb6 23. Qa6 Qd5 24. b3 Kg8
25. Rc1 Rfe8 26. e4 Qxe4 27. Nxf7 $1 {1-0 Meins,G-Lagunow,A/Berlin 1993/ (37)})
(22... f6 23. Nd4 Qe8 24. Nec6 Ne7 25. Rc1 Nxc6 26. Rxc6 Rc8 27. b4 {1/2-1/2
Grigore,G-Herrera,I/Linares/1999/ (62)}) 23. Rd1 Nb6 24. Qa6 Qc8 25. Qe2 (25.
Qxc8 Raxc8 26. Nd4 (26. b3 Rc2 27. a4 Rfc8 $13) 26... Bxe5 27. Bxe5 Nc4 28. Nf3
Nxe5 29. Nxe5 Rc2 $13) 25... Re8 26. b3 Qc3 27. Rd3 Qa1+ 28. Rd1 Qc3 29. Rd4 (
29. Qd2 Rac8 30. Nd3 Qxd2 31. Rxd2 $11) 29... Qa5 (29... Qa1+ 30. Rd1 $11) 30.
b4 Qa3 31. h4 Rac8 (31... Rad8 32. Qd3 Qxd3 33. Rxd3 Rxd3 34. Nxd3 Rc8 $13) 32.
h5 Rc1+ (32... gxh5 33. Kh2 Qc3 34. Qb5 $13) 33. Kh2 Ra1 34. Qb5 Rf8 (34... Rc8
35. Nc6 Qc1 36. Ne7+ Kh8 37. Be5 $18) 35. Nc6 $5 {White has to use strong
meassures, as black already wants to attack his king as well as eat his pawns.}
Qxa2 $2 (35... Bxd4 $5 36. Nfxd4 Qxa2 (36... Qc1 37. Ne7+ Kg7 (37... Kh8 38.
Be5+ f6 39. Qe8 $1 Qh1+ 40. Kg3 $18) 38. Be5+ f6 (38... Kh6 39. Bf4+ Kg7 40.
h6+ Kh8 41. Be5+ f6 42. Bxf6+ Rxf6 43. Qe8+) 39. Ne6+ Kf7 40. Bxa1 Kxe6 41.
Qc6+ (41. Nc6 Qxa1 42. Nd4+ Kf7 $19) 41... Qxc6 42. Nxc6 Kd7 $13) 37. Ne7+ Kg7
(37... Kh8 38. Qe8 $3 Rxe8 39. Be5+ f6 40. Bxf6#) 38. Qg5 f6 39. Ndf5+ Kf7 40.
hxg6+ hxg6 41. Qxg6+ Ke6 42. Qg4 $13) 36. Ne7+ Kh8 37. hxg6 fxg6 (37... Bxd4
38. exd4 hxg6 39. Qg5 $18) 38. Rh4 Qb1 39. Be5 h5 (39... Qh1+ 40. Kg3 Rxf3+ 41.
Kxf3 (41. gxf3 $2 Rg1+ 42. Kf4 Qxh4#) 41... Qd1+ 42. Kg3 $18) 40. Bxa1 Bxa1 41.
Qg5 (41. Nxg6+ Qxg6 42. Rxh5+ Kg7 43. Rg5 $18) (41. Qg5 Kg7 42. Rxh5 Rf7 43.
Qh6+ Kf6 44. Nf5 $18) 1-0

[Event "RUS-chT 06th"]
[Site "St Petersburg"]
[Date "1999.05.21"]
[Round "6"]
[White "Raetsky, Alexander"]
[Black "Yevseev, Denis"]
[Result "0-1"]
[WhiteElo "2453"]
[BlackElo "2503"]
[Annotator "Ftacnik,L"]
[PlyCount "74"]
[EventDate "1999.05.16"]
[EventType "team-tourn"]
[EventRounds "9"]
[EventCountry "RUS"]
[SourceTitle "EXT 2020"]
[Source "ChessBase"]
[SourceDate "2019.10.17"]
[SourceVersion "1"]
[SourceVersionDate "2019.10.17"]
[SourceQuality "1"]
[WhiteTeam "Voronezh OShK"]
[BlackTeam "Murmansk OShK"]
[WhiteTeamCountry "RUS"]
[BlackTeamCountry "RUS"]

1. d4 {Hecht} d5 2. c4 c6 3. Nf3 Nf6 4. Qc2 g6 5. Bf4 Bg7 6. e3 O-O 7. Nc3 c5
8. dxc5 Qa5 9. Rd1 dxc4 10. Bxc4 Qxc5 11. Qb3 Nc6 12. Qb5 (12. Ng5 e6 13. Nge4
Nxe4 14. Nxe4 Qa5+ 15. Kf1 Rd8 $11) (12. Nd5 Nh5 $1 (12... Na5 13. Qb5 Qxc4 14.
Nxe7+ Kh8 15. Qxa5 $16) 13. Bg5 e6 14. Nc3 Na5 15. Qb5 Qxc4 16. Qxa5 b6 $15)
12... Qxb5 13. Bxb5 (13. Nxb5 Bg4 $15) 13... Na5 {Despite activity of white's
pieces black has no visible weak spots. If he can manage to develop all his
pieces white can even meet problems often along a1-h8 diagonal.} 14. O-O (14.
Nd4 a6 15. Bd3 b5 $11) 14... a6 15. Be2 Be6 16. Ng5 (16. Ne5 Rac8 $11) 16...
Bc4 17. Bxc4 (17. Rd4 Bxe2 18. Nxe2 Nc6 $11) 17... Nxc4 18. b3 Nb6 (18... Na3
19. Be5 Rac8 20. Nf3 b5 21. Bxf6 exf6 22. Nd5 Rc2 23. Nb4 Rb2 24. Nxa6 Rxa2 25.
Nb4 Rb2 26. Rd3 $14) 19. Bc7 (19. Rd3 Rac8 20. Rfd1 Ng4 $11) 19... Rac8 $1 20.
Bxb6 Rxc3 {This position is sligtly better for black, who has better pieces
and controls all access points of white forces.} 21. Rd2 (21. Bd8 Re8 22. Rd2
Rc5 23. Nf3 Nd5 24. b4 Nxb4 $15) 21... Rfc8 22. Rfd1 h6 23. Nh3 $2 (23. Nf3 $1
Ne4 (23... Rc2 24. Ne1 Rxd2 25. Rxd2 Rc1 26. Kf1 $11) 24. Rd7 Rc1 25. Ne1 R8c6
26. Ba5 $11) 23... e6 $1 24. f3 (24. Bd4 Rc1 25. f3 Rxd1+ 26. Rxd1 Rc2 $15)
24... Nd5 25. Bd4 (25. Ba5 R3c5 26. b4 Rc2 $17) 25... Bxd4 26. exd4 (26. Rxd4
Nxe3 $17) 26... Rc2 {White knight is displaced on h3 and isolated pawn d4
needs protection. The situation is critical for the defender.} 27. Nf2 Rxd2 28.
Rxd2 {Hecht: '[#] Blockierter Isolani. Insbesondere aber führt die
unglückliche Position des Sf2 zum Angriff des schwarzen Turms auf die weißen
Damenflügelbauern.'} Rc1+ 29. Rd1 Rc2 30. a3 (30. Ra1 Nc3 $17) 30... Rb2 31. b4
(31. Rd3 {Hecht} Nf4 32. Rd1 $8 Rxb3 $19) 31... Ra2 32. Ne4 (32. Rd3 {Hecht}
Nf4 {gewinnt wie gehabt}) 32... Rxa3 33. Rc1 Rb3 34. Rc8+ Kg7 35. Rd8 Nf6 36.
Nd6 (36. Nxf6 {Hecht} Kxf6 37. d5 Rxb4 $19 (37... exd5 38. Rd6+ Ke5 39. Rb6 {
wäre nicht ganz so klar})) 36... Rxb4 37. Rb8 Rxd4 0-1

[Event "Mermaid Beach Club"]
[Site "Bermuda"]
[Date "1999.01.26"]
[Round "6"]
[White "Gretarsson, Helgi Ass"]
[Black "Pelletier, Yannick"]
[Result "1-0"]
[WhiteElo "2459"]
[BlackElo "2483"]
[Annotator "Ftacnik,L"]
[PlyCount "61"]
[EventDate "1999.01.21"]
[EventType "tourn"]
[EventRounds "13"]
[EventCountry "BER"]
[EventCategory "9"]
[SourceTitle "CBM 069"]
[Source "ChessBase"]
[SourceDate "1999.04.01"]
[SourceVersion "1"]
[SourceVersionDate "1999.04.01"]
[SourceQuality "1"]

1. d4 Nf6 2. c4 g6 3. Nc3 d5 4. Bf4 Bg7 5. e3 c5 6. dxc5 Qa5 7. Rc1 dxc4 8.
Bxc4 O-O 9. Nf3 Qxc5 10. Bb3 Qa5 11. O-O Nc6 12. h3 Bf5 13. Qe2 Ne4 14. Nxe4
Bxe4 15. Rfd1 Rad8 (15... Bxf3 16. Qxf3 Rad8 (16... Bxb2 17. Rb1 Bg7 (17... Bf6
18. Rd7 Ne5 19. Bxe5 Qxe5 {1/2-1/2 Lukacs,P-Hoffmann,M/Budapest 1998/(19)}) 18.
Bd5 e6 19. Be4 Ne5 20. Qe2 Rad8 21. Rxd8 Rxd8 22. Rxb7 h6 23. Kh2 Qa4 24. f3
Rd7 25. Rxd7 {1/2-1/2 Hansen,C-Wiedenkeller,M/Helsinki 1986/ (25)}) 17. Rxd8
Qxd8 18. Rd1 Qc8 19. Qe2 Rd8 20. Rxd8+ Qxd8 21. Bc4 Na5 22. b3 Nxc4 23. Qxc4
Qd2 {1/2-1/2 Gheorghiu,F-Tseshkovsky,V/Las Palmas 1976/ (23)}) (15... Qh5 16.
Bc2 (16. Rd7 Rac8 17. Rcd1 e6 18. R1d2 Na5 19. Bc2 Bc6 20. Rc7 e5 21. Rxc8 Rxc8
22. Bg3 e4 {0-1 Hoffmann,M-Holzke,F/GER/1998/ (50)}) 16... Bxf3 17. Qxf3 Qxf3
18. gxf3 Rad8 19. Be4 Bxb2 20. Rxd8 Rxd8 21. Rc2 Ba3 22. Bxc6 bxc6 23. Rxc6 f6
24. e4 a5 {1/2-1/2 Portisch,L-Arakhamia,K/Roquebrune 1998/ (24)}) (15... h6 16.
Rd7 Rac8 17. Rcd1 Qb6 18. g4 g5 19. Bg3 Bf6 20. Nd2 Bg6 21. Nc4 Qa6 22. Qf3 Kg7
23. e4 b5 {1/2-1/2 Lukacs,P-Peter,A/Budapest 1997/ (28)}) (15... Ne5 16. Nxe5
Bxe5 17. Rc4 Bc6 18. Bxe5 Qxe5 19. Rcd4 Rac8 {1/2-1/2 Pinter,J-Leko,P/Budapest/
1997/ (19)}) 16. Rxd8 Rxd8 $2 {Serious mistake, since the opening of the
access to black king will cause lasting problems.} (16... Qxd8 $5 17. Rd1 Bxf3
18. Qxf3 $14) 17. Bxf7+ $1 Kxf7 18. Ng5+ Kg8 19. Nxe4 Qxa2 (19... Qb4 20. Nc3
$16) 20. Kh2 $1 a5 (20... Qxb2 21. Qc4+ Kh8 22. Ng5 Ne5 23. Qc7 Re8 24. Rc2 Qa1
25. Rc5 $18) 21. Qb5 Qxb2 22. Qc4+ (22. Qxb2 Bxb2 23. Rb1 Bg7 24. Rxb7 Rc8 $15)
22... Kh8 23. Ng5 Ne5 (23... Rf8 24. Nf7+ Rxf7 (24... Kg8 25. Nh6+ Kh8 26. Qg8+
Rxg8 27. Nf7#) 25. Qxf7 $18) 24. Qe6 $1 {[%mdl 128] Gretarsson attacks with
great stamina, black is unable to parry all threats.} (24. Rd1 Rf8 25. Qd5 $13)
(24. Qc7 Re8 25. Rc2 Qa1 26. Ne6 $16) 24... h6 (24... Qxc1 25. Bxe5 h5 (25...
Bxe5+ 26. Qxe5+ Kg8 27. Qe6+ Kg7 28. Qxe7+ $18) 26. Bxg7+ Kxg7 27. Qxe7+ $18) (
24... Rf8 25. Rc8 $18) 25. Rc8 hxg5 (25... Rxc8 $2 26. Qxc8+ Bf8 27. Qxf8#) 26.
Rxd8+ Kh7 27. Bg3 Nc6 (27... a4 28. Qg8+ Kh6 29. Rd5 Nc6 (29... a3 30. Qxg7+ $1
Kxg7 31. Bxe5+ Qxe5+ 32. Rxe5 $18) 30. h4 $18) 28. Qg8+ Kh6 29. Rd5 {Black
king is still hiding, but white is able to open up his recluse.} e5 (29... a4
30. h4 Bf6 31. hxg5+ Bxg5 32. Be5 $18) 30. Rd7 e4 31. h4 (31. h4 gxh4 32. Bf4+
g5 33. Rd6+ Kh5 34. Qf7+ Kg4 35. Qe6+ Kh5 36. Qg6+ Kg4 37. Qxg5#) 1-0

[Event "Moscow-ch"]
[Site "Moscow"]
[Date "2003.04.23"]
[Round "3.2"]
[White "Sambuev, Bator"]
[Black "Vorobiov, Evgeny E"]
[Result "0-1"]
[WhiteElo "2484"]
[BlackElo "2534"]
[Annotator "Ftacnik,L"]
[PlyCount "56"]
[EventDate "2003.04.20"]
[EventType "k.o."]
[EventRounds "5"]
[EventCountry "RUS"]
[SourceTitle "CBM 095"]
[Source "ChessBase"]
[SourceDate "2003.07.25"]
[SourceVersion "1"]
[SourceVersionDate "2003.07.25"]
[SourceQuality "1"]

1. d4 Nf6 2. c4 g6 3. Nc3 d5 4. Bf4 Bg7 5. e3 c6 6. Nf3 O-O 7. Be2 Be6 8. O-O
dxc4 9. Ng5 {White is using analogy with other line of Gruenfeld indian
defense in order to win back the c4 pawn.} Bd5 10. e4 h6 11. exd5 hxg5 12. dxc6
(12. Bxb8 Rxb8 13. dxc6 bxc6 14. Bxc4 Qd6 15. Rb1 e6 16. Ne2 Ng4 17. g3 c5 $15)
(12. Bxg5 cxd5 13. Re1 Nc6 $15) 12... Nxc6 (12... gxf4 $2 13. cxb7 Nc6 14.
bxa8=Q Qxa8 15. Bf3 $18) 13. Bxg5 Nxd4 (13... Qxd4 14. Qxd4 Nxd4 15. Bxc4 Rfd8
16. Rfd1 Rac8 17. Bd3 $11) 14. Bxc4 Rc8 15. Qd3 (15. Bd3 Qd6 16. Rc1 Rfd8 17.
Be3 $11) 15... Rc5 {Black seems to be having just enough compensation for the
white's bishops pair in activity of his pieces.} (15... Qd6 16. Rae1 Ng4 17.
Qh3 Rxc4 18. Qxg4 Re8 19. Qe4 Qa6 $11) 16. Bxf6 (16. Be3 Ng4 17. Rfd1 Qc7 18.
Bxd4 Rxc4 19. Bxg7 Qxh2+ 20. Kf1 Rf4 21. Bd4 Rd8 $17) (16. Bf4 Qc8 17. Bb3 Nxb3
18. axb3 Qf5 $15) 16... exf6 (16... Bxf6 17. Ne4 Rc6 18. Nxf6+ Rxf6 19. Qe4 $14
) 17. Rad1 f5 18. Ne2 $6 (18. Nb5 Nc6 (18... Qc8 19. b4 (19. Nxa7 Qc7 20. Nb5
Nxb5 21. Bxb5 Bxb2 $11) 19... Ne2+ 20. Qxe2 Rxc4 21. Nd6 Rc2 22. Qe3 Qc3 23.
Qxa7 Qxb4 $13) 19. Nd6 Qc7 20. Qe3 Ne5 21. Be2 Rc2 $11) 18... Qc7 $1 (18...
Nxe2+ 19. Qxe2 Qe8 $11) 19. Nxd4 (19. Bxf7+ $2 Qxf7 20. Nxd4 Rd8 21. Qa3 Rcd5
$19) 19... Rxc4 20. Nb5 $2 {[%mdl 8192] Sambuev has no luck with his knight
forrays, the piece on b5 is very vulnerable.} (20. Nf3 Bxb2 $15) 20... Qc5 21.
b3 (21. Nd6 $2 Rd4 22. Nxb7 Qb6 23. Qf3 Rb8 $19) 21... Rb4 (21... Rc2 22. b4
Qc4 23. Qxc4 Rxc4 24. a3 a6 $11) 22. Nd6 (22. a4 a6 23. Nd6 Rd4 24. Nxb7 Qb6
25. Qf3 Rb8 $19) 22... Rd4 23. Qg3 (23. Nxb7 Qb6 24. Qf3 Rb8 $19) 23... Rxd1
24. Rxd1 Rd8 25. b4 (25. h3 Be5 $19) 25... Qxb4 26. h4 Bf8 27. h5 Rxd6 28. Rc1
Qg4 0-1

[Event "NED-ch53"]
[Site "Rotterdam"]
[Date "1998.06.30"]
[Round "8"]
[White "Timman, Jan H"]
[Black "Nijboer, Friso"]
[Result "1-0"]
[WhiteElo "2635"]
[BlackElo "2580"]
[Annotator "Ftacnik,L"]
[PlyCount "95"]
[EventDate "1998.06.21"]
[EventType "tourn"]
[EventRounds "11"]
[EventCountry "NED"]
[EventCategory "12"]
[SourceTitle "CBM 066"]
[Source "ChessBase"]
[SourceDate "1998.09.30"]
[SourceVersion "1"]
[SourceVersionDate "1998.09.30"]
[SourceQuality "1"]

1. d4 Nf6 2. c4 g6 3. Nc3 d5 4. Bf4 Bg7 5. e3 c5 6. dxc5 Qa5 7. Rc1 dxc4 8.
Bxc4 O-O 9. Nf3 Qxc5 10. Bb3 Qa5 11. O-O Na6 12. Qd2 $5 (12. Qe2 Nc5 13. Bc4 (
13. Nd5 Nxd5 14. Bxd5 Ne6 15. Bb3 Qh5 16. Bxe6 Bxe6 17. Rc7 Bxa2 18. Rxb7 e5
19. Rb5 Qg4 20. Ra1 exf4 21. Rxa2 fxe3 22. Qxe3 Rae8 23. h3 Qc4 24. Qb3 Qc1+
25. Kh2 Re2 26. Rb8 Qf4+ {0-1 Pollmann,S-Thiel,T/Muenster op/1994/}) 13... a6 (
13... Be6 14. a3 Bxc4 15. Qxc4 Ne6 16. Be5 {1/2-1/2 Unzicker,W-Lutz,C/Wildbad/
1990/}) 14. a3 Nce4 15. Nxe4 Nxe4 16. Bc7 Qh5 17. Rfd1 Nf6 18. Ne5 Ne8 19. Qxh5
gxh5 20. Bxf7+ Rxf7 21. Nxf7 Kxf7 22. Rd8 b5 23. Ba5 Bb7 24. Rxa8 Bxa8 25. Bc3
{1/2-1/2 Levitt,J-Kouatly,B/Augsburg/1988/ (35)}) (12. Ne5 Nc5 13. Bxf7+ (13.
Nd5 Nxd5 14. Bxd5 Be6 15. a3 Rac8 $1 16. b4 Qd8 $11) 13... Rxf7 14. Nxf7 Kxf7
15. b4 Qxb4 16. Nd5 Nxd5 17. Qxd5+ Ne6 (17... Be6 18. Qxc5 Qxc5 19. Rxc5 Bxa2
20. Be5 $1 b6 21. Rc2 Bb3 22. Rc3 Bxe5 23. Rxb3 a5 24. f4 Bg7 25. Rxb6 a4 26.
Rf2 a3 27. Ra2 Bb2 $16) 18. Rc4 Qb2 19. Rfc1 (19. Bg3 Bf6) (19. a4 a6 $1) (19.
Rc7 $1 {/\ Qc4} Kf8 20. Rxc8+ Rxc8 21. Qxe6 Rc1 22. g4 $11) 19... Bd7 20. h3 (
20. Qxd7 $2 Rd8 21. Qa4 b5 $19) (20. R4c2 Bc6 $19) 20... Rd8 (20... Bc6 $1 21.
Rxc6 $2 bxc6 22. Rxc6 Qb1+ 23. Kh2 Qf5 $19) 21. Qf3 (21. Qa5 a6 22. Bc7 (22.
Rd1 Bb5) 22... Rc8 23. R4c2 Qb5 24. Qxb5 Bxb5 25. Bb6 Rc6 (25... Rxc2 26. Rxc2
Bc6) 26. Rxc6 Bxc6 27. f3 Nf8 28. Kf2 Nd7 {Beliavsky,A-Gavrikov,V/URS-ch55/
1988/0-1 (56)}) (21. Bc7 $2 Bc6 22. Rf4+ Bf6 $19) 21... Ke8 22. R4c2 Qb5 23.
Bg3 Bc6 24. Qg4 Qf5 25. Qb4 Rd3 26. Rc4 Qd5 27. e4 Qb5 28. Qxb5 {0-1 Lukacs,
P-Gavrikov,V/Debrecen/1988/}) (12. Ng5 e6 13. Qf3 Nh5 14. Rfd1 Nxf4 15. Qxf4
Qb4 16. Nge4 Qe7 17. Qd6 Qxd6 18. Nxd6 Rd8 19. Bc4 Nb4 20. a3 {1/2-1/2 Meins,
G-Zagorskis,D/Koop Tjuchem op/1996/}) (12. a3 $6 Bg4 13. h3 Rad8 14. Qe2 Bxf3
15. Qxf3 Qb6) (12. h3 Nc5) (12. Bc4 Nc5 13. a3 Be6 $1 14. Bxe6 Nxe6 15. Be5 $11
) 12... Rd8 (12... Bg4 $5 13. Nd5 Qd8 14. Ne5 Be6 $11) 13. Qe2 Nc5 $2 {Nijboer
falls for a nice trap, white queen has lured the rook from f8 to enable small
combination.} (13... Bg4 $5) 14. Bxf7+ $1 Kxf7 15. Qc4+ Ne6 (15... e6 16. b4
$16) 16. Ng5+ Kf8 17. Nxe6+ Bxe6 18. Qxe6 Qb6 19. Qh3 $5 (19. Qxb6 axb6 20.
Rfd1 Rxd1+ 21. Rxd1 Nh5 22. Bc7 Bxc3 23. bxc3 Rxa2 24. Bxb6 Nf6 $16) 19... Qxb2
20. Be5 Rac8 21. f4 Rc6 (21... Qa3 22. Rcd1 $16) 22. Rb1 Qc2 (22... Qa3 23. Nb5
$1 (23. Rxb7 Rxc3 24. Bxc3 Qxc3 25. Qe6 Qa3 $13) 23... Qxa2 24. Nd4 Ra6 25.
Rxb7 $16) 23. Nb5 {Black's main problem is not so much material as myriad of
weaknesses and potential activisation of white's pieces.} Rb6 24. Bd4 (24. Bc7
$5 Rxb5 25. Rbc1 Qxa2 (25... Qd3 26. Bxd8 Rh5 27. Qe6 $18) 26. Bxd8 Rb2 27. Rc8
$16) 24... Rc6 (24... Ra6 25. a3 h6 26. Rfc1 $16) 25. Be5 Rb6 26. Rbc1 Qf5 (
26... Qxa2 27. Bc7 Rxb5 28. Bxd8 Rb2 29. Rc8 $16) 27. Qxf5 gxf5 28. Bc7 $1 Rxb5
(28... Rd2 29. Bxb6 axb6 30. Rf2 $18) 29. Bxd8 b6 (29... Rb2 30. Rf2 $18) 30.
Bc7 Ra5 (30... Ne4 31. Rc2 Rd5 32. Rfc1 Rd3 33. Bb8 a6 34. Ba7 b5 35. Kf1 $18)
31. Be5 Nd5 (31... Rxa2 32. Ra1 $1 Rxa1 33. Rxa1 a5 34. Bxf6 Bxf6 35. Rb1 a4
36. Rxb6 a3 37. Ra6 Bb2 38. Kf2 $18) 32. Rf2 Nxe3 (32... Bxe5 33. fxe5 Nxe3 34.
e6 Re5 35. Re1 Ke8 36. Rf3 f4 37. Rxf4 Nxg2 38. Rc1 $1 Re1+ 39. Rf1 $18) 33.
Bxg7+ Kxg7 34. Re2 Nd5 35. g3 {The endgame is technically won, but requires
some work.} Kf7 (35... Kf6 36. Rc6+ Kf7 37. Re5 $18) 36. Rc6 Nf6 (36... Nb4 37.
Rce6 Nd5 38. R6e5 Kf6 39. Rd2 e6 40. Rde2 $18) 37. Kg2 h5 38. Rce6 Ne4 (38...
Ng8 39. R6e5 $18) 39. Rh6 Nf6 (39... Nc3 40. Rh7+ (40. Re5 Rxe5 (40... Rxa2+
41. Kh3 Ra5 42. Rxa5 bxa5 43. Ra6 $18) 41. fxe5 Nxa2 42. Kf3 Nc3 43. Kf4 Kg7
44. Kg5 Ne4+ 45. Kxh5 Nc5 46. Rc6 $16) 40... Kg6 41. Rexe7 Rxa2+ 42. Kh3 Ne2 (
42... Ne4 43. Rxa7 $18) 43. Kh4 Ng1 44. Reg7+ Kf6 45. h3 Rh2 $11) 40. Rh8 Ra3
41. Kh3 b5 42. Rb8 Nd5 43. Kh4 (43. Rxb5 $2 Nxf4+ $1 $19) 43... b4 (43... Nc3
44. Re3 Kg6 45. Rb7 Rxa2 46. Re6+ Kf7 47. Rbxe7+ Kf8 48. Kxh5 $18) 44. Rd2 e6 (
44... Nc3 45. Rxb4 Nxa2 46. Rb7 $18) 45. Kg5 $1 Ra6 46. Rb7+ Ke8 47. Rc2 Kd8 (
47... Rd6 48. Rc8+ Rd8 49. Rxd8+ Kxd8 50. Rxa7 $18) 48. Kxh5 (48. Kxh5 Nc3 49.
Rxb4 Nxa2 50. Rbb2 $18) 1-0

[Event "Ciocaltea Memorial"]
[Site "Bucharest"]
[Date "1998.??.??"]
[Round "11"]
[White "Ionescu, Constantin"]
[Black "Yegiazarian, Arsen"]
[Result "1-0"]
[WhiteElo "2495"]
[BlackElo "2455"]
[Annotator "Ftacnik,L"]
[PlyCount "69"]
[EventDate "1998.02.??"]
[EventType "tourn"]
[EventRounds "13"]
[EventCountry "ROU"]
[EventCategory "11"]
[SourceTitle "CBM 064"]
[Source "ChessBase"]
[SourceDate "1998.06.02"]
[SourceVersion "1"]
[SourceVersionDate "1998.06.02"]
[SourceQuality "1"]

1. d4 Nf6 2. c4 g6 3. Nc3 d5 4. Bf4 Bg7 5. e3 c5 6. dxc5 Qa5 7. Rc1 dxc4 8.
Bxc4 O-O 9. Nf3 Qxc5 10. Bb3 Nc6 11. O-O Qa5 12. h3 Bf5 13. Qe2 e5 14. Bh2 (14.
Bg3 Ne4 15. Nxe4 Bxe4 16. Rfd1 Rad8 17. Rxd8 Rxd8 18. Bxf7+ Kxf7 19. Ng5+ Kg8
20. Nxe4 Qxa2 21. Bh4 Rd7 22. Nc5 Rc7 23. Qd2 {1-0 Schwarz,P-Steinheimer,J/
Wiesbaden op 1993/GER 08 (34)}) 14... Ne4 (14... e4 15. Nd2 (15. Nd4 Nb4 16.
Ncb5 Nd3 17. Rc3 Bd7 18. Bc7 b6 19. Bc4 Ne8 20. Bd6 Nxd6 21. Nxd6 Ne5 22. Bb3 {
Ludewig,D-Klee,M/OLO-A 1995/GER 11/1-0 (50)}) 15... Ne5 16. Qb5 Qxb5 17. Nxb5
Nd3 18. Rc7 b6 19. Nd6 Be6 20. Bxe6 fxe6 21. N2xe4 Nd5 22. Rc2 Bxb2 23. Rd2
N5b4 24. Rfd1 Be5 25. a3 Nb2 26. Bxe5 {1-0 Pytel,K-Zoltek,T/POL-ch 1973}) (
14... Rae8 15. Rfd1 Be6 16. Nd2 Qb4 (16... Bxb3 17. Nxb3 Qc7 18. Nb5 Qb8 19.
Nc5 Rd8 20. Nd4 Nd5 21. Qb5 Nde7 22. Nxc6 bxc6 23. Qxb8 Rxd1+ 24. Rxd1 Rxb8 25.
e4 {1-0 Petran,P-Vadasz,L/Ajka op 1992/TD 92\11 (34)}) 17. a3 Qe7 18. Ba4 Nd7
19. Nc4 Rd8 20. Nd5 Qg5 21. Bg3 Ndb8 22. Nc3 f5 {1/2-1/2 Akopian,V-Dvoirys,S/
URS-chT 1990/TD 90\02 (33)}) (14... Rfe8 15. Rfd1 h6 16. Qb5 Qc7 17. Nd4 a6 18.
Qc4 Rac8 19. Nxc6 bxc6 20. Qxa6 Qe7 21. Qe2 Qb4 22. Na4 {1/2-1/2 Barsov,
A-Almasi,Z/Cansys IM-A 1991/EXT 91 (60)}) 15. Nxe4 Bxe4 16. Rfd1 (16. Nd2 Bd5
17. Bxd5 {1/2-1/2 Pytel,K-Anikaev,Y/Lublin 1974/}) 16... Rad8 17. Qc4 Bxf3 (
17... Bf5 18. Ng5 Rxd1+ 19. Rxd1 Nd8 20. Qd5 (20. e4 Be6 21. Nxe6 Nxe6 22. Bg3
$14) 20... Qc7 21. Qd6 Qxd6 22. Rxd6 $14) 18. gxf3 Rd2 (18... Rxd1+ 19. Rxd1
Qc7 20. Bg3 Kh8 $14) 19. Rxd2 $5 Qxd2 20. Rd1 Qxb2 (20... Qa5 21. Rd7 Qe1+ 22.
Kg2 Na5 23. Qd5 Nxb3 24. Qxb3 $16) 21. Qb5 Qc3 (21... Kh8 22. Qxb7 Na5 23. Qe7
Nxb3 24. axb3 f6 25. Rd8 $14) 22. Rd7 {White has sacrificed the pawn, but his
pieces have become very active. Black will have to play carefully, since b7,f7
and e5 pawns are all under fire.} (22. Qxb7 $6 Na5 23. Qxa7 Nxb3 24. axb3 Qxb3
$11) 22... Bf6 (22... b6 23. Bxf7+ $1 Kh8 (23... Rxf7 24. Qd5 Qe1+ 25. Kg2 Nd8
26. Rxd8+ Bf8 27. Rxf8+ Kxf8 28. Qd8+ Kg7 29. Bxe5+ Kh6 30. Qh4#) 24. Kg2 $14)
23. Bg3 (23. Rxb7 Na5 24. Rxf7 Nxb3 25. Rxf8+ Kxf8 26. axb3 $16) 23... Nd8 (
23... Na5 24. Bd5 (24. Rxf7 Nxb3 (24... Rxf7 $2 25. Qe8+ $18) 25. Rxf8+ Kxf8
26. axb3 $14) 24... a6 25. Qb6 $36) 24. Kg2 Kg7 (24... a6 25. Qd5 Qc6 26. Rd6
Qxd5 27. Bxd5 Kg7 28. Rb6 $14) 25. Qd5 $1 {Playing for domination is a great
chess art and white is here succeeding in a model way.} Qc6 (25... Kh8 26. Rd6
$1 Ne6 (26... Kg7 27. Rxf6 Kxf6 28. Qd6+ Ne6 29. Bxe6 $18) 27. Qxb7 $16) 26.
Bxe5 Bxe5 (26... Qxd5 27. Bxf6+ Kxf6 28. Bxd5 a5 29. a4 $16) 27. Qxe5+ Kg8 28.
Qe7 Qb6 (28... Qc8 29. e4 Kg7 30. e5 $18) 29. h4 {Black is still stuck with a
passive position, but in the meantime white has won a pawn back.} a5 (29... Kg7
30. h5 $1 gxh5 31. Rd6 Nc6 32. Qf6+ Kg8 33. Rd5 $18) 30. Bd5 (30. e4 Ne6 31.
Qf6 a4 32. Rxf7 Rxf7 33. Bxe6 $18) 30... a4 31. h5 gxh5 (31... a3 32. h6 Ne6
33. Rd6 Qc7 34. Rxe6 $18) 32. Rd6 Qa5 (32... Qb2 33. Rxd8 Qg7+ 34. Kh3 $18) 33.
Qg5+ Kh8 34. Qf6+ Kg8 35. Rxd8 $1 (35. Rxd8 $1 Qxd8 36. Bxf7+ Rxf7 37. Qxd8+
$18) 1-0